Paroles Francis Cabrel - Statistiques

Statistiques générales
  • Ce quiz a été pris 114 fois
  • Le résultat moyen est 9 sur 40
Statistiques - réponses
Hint Réponse % Correct
Moi, mes poches sont vides et mes yeux pleurent de froid Petite Marie
84%
Elle danse au milieu des forêts qu'elle dessine Je l'aime à mourir
68%
J'en ai poursuivi des fantômes presque touché leurs ballerines La corrida
66%
La même nuit que la nuit d'avant, les mêmes endroits, deux fois trop grands Encore et encore
63%
Il a croisé les rois de naguère tout drapés de diamants et de feu Les murs de poussière
59%
Le monde a tellement de regrets, tellement de choses qu'on promet Je t'aimais, je t'aime, je t'aimerai
58%
Tu viendras toujours du côté où le soleil se lève L'encre de tes yeux
43%
D'un coup leurs regards se croisent après, c'est une histoire normale Un samedi soir sur la terre
41%
Tu prieras jusqu'aux heures où personne n'écoute, tu videras tous les bars qu'elle mettra sur ta route C'est écrit
36%
Mes mains sur tes cheveux, des écharpes pour deux devant le monde qui s'incline Octobre
36%
Y'a les étoiles qui courent dans la neige autour de son chalet de bois La dame de Haute-Savoie
34%
Je lui ai dit le monde est pourtant pas si loin, on voit les lumières La cabane du pêcheur
27%
Je suppose, j'aurais dû deviner qu'elle venait pour les stars Rosie
22%
Les hommes poursuivent ce temps qui court depuis toujours. Sarbacane
22%
Moi, je me teins et je me farde, moi, mes chiens montent la garde Des hommes pareils
15%
Mais celui que je viens de choisir m’a donné juste assez pour survivre et trop peu pour m’enfuir.
Ma place dans le trafic
14%
Ses enfants qui font rien à l'école et qui ont les poches pleines de tubes de colle Saïd et Mohamed
14%
Le vent transperce ces trop longues avenues, quelqu'un cherche une adresse inconnue Hors-saison
13%
J’ai laissé en passant quelques mots sur le mur du couloir qui descend au parking des voitures Répondez-moi
13%
Tout s’envole en ombres légères, tout sauf ce goût de fièvre et de miel La robe et l'échelle
12%
Ces anges qui dansent sur ces pistes trempées d'alcools, dans ces caves immenses les cheveux collés aux épaules Tout le monde y pense
12%
Puisqu'on vit dans les creux d'un rêve, avant que l'amour ne touche nos lèvres Il faudra leur dire
11%
J'entends les cuivres, les cordes, les cors, les violoncelles, je vois le monde loin, loin sous mes échelles Bonne nouvelle
10%
Les enfants s'approchent, s'inquiètent et demandent pourquoi tous ces bruits? Assis sur le rebord du monde
9%
Goudronnées les pierres des chemins tranquilles, relevées les herbes des endroits fragiles Carte postale
9%
On a l'meilleur pianiste en ville, on se demande vraiment ce qu'il lui faut Madame n'aime pas
9%
Millions de fourmis qui pataugent la tête tournée vers les cieux Le chêne liège
8%
Ceux qui ont des barques sur la Seine trop loin pour que je t'y emmène Leïla et les chasseurs
8%
J'entends toujours le bruit des armes et je vois encore souvent des flammes qui lèchent des murs et des charniers géants Les chevaliers cathares
8%
Je regarde autour, ma maison est immense et mon jardin décoratif Te ressembler
8%
La force que ça lui donne c'est de l'éclat de diamant, on veut le dire à personne à vous seulement Mademoiselle l'aventure
7%
On tombe chacun à son tour entre les griffes du rapace, le seul remède c'est l'amour Partis pour rester
5%
L’homme qui parlait disait : "Je n’pense qu’à vous, je n’pense qu’à vous plumer, je l’avoue" Dur comme fer
4%
La fille à la fenêtre qui chante les yeux clos cherche à se reconnaitre dans chacun de vos mots Rockstars du Moyen-Âge
4%
En haut des pylônes, les oiseaux voyageurs attendent l'automne comme des guetteurs Les gens absents
3%
À chaque instant, tout recommence, chaque souffle un tourbillon, chaque geste une impatience À chaque amour que nous ferons
2%
Toujours plaire aux marchands de fantômes, c'est eux qui ont fait Cent ans de plus
2%
Avec mes vieilles rengaines, mon écharpe de laine, même quand le ciel est tout bleu Le temps s'en allait
2%
Nos héros sur la même estrade, nos laisses sur le même chien Qu'est-ce que t'en dis?
2%
Est-ce qu'elles savent pardonner ces belles pour qui l'on respire? Peuple des fontaines
1%
Aucun quiz correspondant
Distribution des résultats
% des personnes avec chaque résultat
Percentile par nombre de réponses
Votre historique - résultats
Vous n’avez pas pris ce quiz